Normal view
MARC view
Entry Topical Term
001 - CONTROL NUMBER
- control field: 32074
003 - CONTROL NUMBER IDENTIFIER
- control field: ARRUPE
005 - DATE AND TIME OF LATEST TRANSACTION
- control field: 20170602114730.0
008 - FIXED-LENGTH DATA ELEMENTS
- fixed length control field: 170602|| aca||aabn | a|a d
040 ## - CATALOGING SOURCE
- Original cataloging agency: ARRUPE
- Transcribing agency: ARRUPE
150 ## - HEADING--TOPICAL TERM
- Topical term or geographic name as entry element: Intellectuals
- General subdivision: Political activity
- Geographic subdivision: Africa.
670 ## - SOURCE DATA FOUND
- Source citation: Work cat.: (ARRUPE)58746: Falola, Toyin. 32072, Nationalism and African intellectuals /, 2001.